00311nam a2200121Ia 4500008004100000041000800041082001500049100001400064245003700078260003500115300003200150365000700182240624s9999 xx 000 0 und d aeng a658.45 KAU aKAUL ASHA aEFFECTIVE BUSINESS COMMUNICATION c2003aNew DelhibPrentice-Hall aviii, : 172 : p. : cm. ; 24 cRS